Following their leaders : political preferences and public policy / Randall G. Holcombe. (Record no. 22080)

000 -LEADER
fixed length control field 00948nam a22001697a 4500
020 ## - INTERNATIONAL STANDARD BOOK NUMBER
ISBN 9781009323192
082 ## - DEWEY DECIMAL CLASSIFICATION NUMBER
Classification number 320.019
Item number H65 2023
100 ## - MAIN ENTRY--AUTHOR NAME
Personal name Holcombe, Randall G., author
245 ## - TITLE STATEMENT
Title Following their leaders : political preferences and public policy / Randall G. Holcombe.
260 ## - PUBLICATION, DISTRIBUTION, ETC. (IMPRINT)
Place of publication New York, NY :
Name of publisher Cambridge University Press,
Year of publication ©2023.
300 ## - PHYSICAL DESCRIPTION
Number of Pages 1 online resource, xv, 213 pages :
Other physical details illustrations.
490 ## - SERIES STATEMENT
Series statement Cambridge Studies in Economics, Choice, and Society
500 ## - GENERAL NOTE
General note Includes bibliographical refences and index.
520 ## - SUMMARY, ETC.
Summary, etc Policies are designed by the elite and the masses actually have little say. While models
of democratic decision-making tend to assume that voters have preferences, and that
candidates and parties conform to those preferences, voters instead adopt the policies
of those political elites -- they follow their leaders.
650 ## - SUBJECT ADDED ENTRY--TOPICAL TERM
Topical Term Political science -- Decision making.
942 ## - ADDED ENTRY ELEMENTS (KOHA)
Koha item type Electronic Books
Holdings
Source of acquisition Permanent Location Date acquired Collection code Koha item type Lost status Shelving location Withdrawn status Current Location Full call number
DonationCagayan State University - Carig Library2026-04-14E-BooksElectronic Books E-Resource Section Cagayan State University - Carig Library320.019 H65 2023

Cagayan State University University Library, Carig Campus
Tuguegarao City, Cagayan 3500 | www.csucarig.edu.ph

Powered by Koha